[Event "Dundee & Angus Minor"]
[Site "?"]
[Date "2014.10.11"]
[Round "2"]
[White "Watson, Dave"]
[Black "Sarker, Shuvam"]
[Result "1/2-1/2"]
[WhiteElo "1094"]
[BlackElo "1050"]
[PlyCount "113"]
[EventDate "2014.??.??"]

1. e4 e6 2. Nf3 d5 3. exd5 exd5 4. d4 c5 5. Nc3 Nf6 6. Bg5 Be7 7. dxc5 Be6 8.
Bb5+ Nc6 9. b4 a5 10. a3 O-O 11. Bxc6 bxc6 12. O-O axb4 13. axb4 Qc7 14. Qd4 h6
15. Bf4 Qb7 16. Rab1 Rfd8 17. b5 Ra5 18. Qb4 Rda8 19. Ne5 cxb5 20. g3 Qc8 21.
Nd3 Bf5 22. Nxb5 Bxd3 23. cxd3 Qxc5 24. Qxc5 Bxc5 25. Nc3 Ra3 26. Nb5 Rxd3 27.
Rfd1 Rxd1+ 28. Rxd1 Rd8 29. Be5 Ng4 30. Bd4 Bxd4 31. Rxd4 Nf6 32. h3 Kf8 33.
Nc3 Ke7 34. f4 Ke6 35. g4 g6 36. Kg2 Rd6 37. Nb5 Rd7 38. Kg3 g5 39. f5+ Ke5 40.
Rd1 d4 41. h4 Ke4 42. Re1+ Kd3 43. hxg5 hxg5 44. Kf3 Rd5 45. Nc7 Rc5 46. Na6
Rc3 47. Re7 Kc2+ 48. Kf2 Nxg4+ 49. Kg2 Re3 50. Rxf7 d3 51. Nb4+ Kc3 52. Nd5+
Kd4 53. Nxe3 Nxe3+ 54. Kf2 Ng4+ 55. Ke1 Ke3 56. Re7+ Kf4 57. Kd2 1/2-1/2

[Event "Dundee & Angus Minor"]
[Site "?"]
[Date "2014.10.11"]
[Round "2"]
[White "Connolly-Sams, Lukah"]
[Black "McDonald, David"]
[Result "0-1"]
[WhiteElo "924"]
[BlackElo "1336"]
[PlyCount "100"]
[EventDate "2014.??.??"]

1. d4 Nf6 2. c4 e6 3. Nf3 b6 4. Nc3 Bb7 5. e3 Bb4 6. Bd2 O-O 7. a3 Bxc3 8. Bxc3
Ne4 9. Bd3 Nxc3 10. bxc3 d6 11. Qe2 Nd7 12. Qc2 f5 13. Qb3 a5 14. c5 d5 15. Bb5
c6 16. Be2 a4 17. Qb4 b5 18. c4 dxc4 19. Bxc4 Qf6 20. Ba2 Kh8 21. O-O e5 22. d5
cxd5 23. Qxb5 Bc6 24. Qb2 Rab8 25. Qc3 Rb5 26. Rfc1 Rxc5 27. Qb4 Rb8 28. Qh4
Rxc1+ 29. Rxc1 h6 30. Qxf6 gxf6 31. h3 Rb2 32. Bb1 d4 33. exd4 Bxf3 34. gxf3
exd4 35. Rc8+ Kg7 36. Bxf5 Ne5 37. Rc7+ Kf8 38. f4 Nf3+ 39. Kg2 Nh4+ 40. Kg3
Nxf5+ 41. Kf3 d3 42. Rd7 d2 43. Ke2 Rb3 44. Rxd2 Rxa3 45. Rd8+ Ke7 46. Ra8 Nd4+
47. Kd2 Nb5 48. Kc2 Ra2+ 49. Kb1 Nc3+ 50. Kc1 Rxf2 0-1

[Event "Dundee & Angus Minor"]
[Site "?"]
[Date "2014.10.11"]
[Round "2"]
[White "Ridge, Benjamin"]
[Black "McCulloch, Andy"]
[Result "0-1"]
[WhiteElo "685"]
[BlackElo "1139"]
[PlyCount "134"]
[EventDate "2014.??.??"]

1. f4 d5 2. Nf3 Bg4 3. e3 Nc6 4. Be2 Nf6 5. O-O g6 6. d3 Bg7 7. Qe1 O-O 8. Nc3
Nb4 9. Bd1 Re8 10. Qh4 Nc6 11. e4 Bxf3 12. Rxf3 dxe4 13. dxe4 e6 14. Rh3 Nh5
15. Bxh5 Qxh4 16. Rxh4 gxh5 17. Rxh5 Rad8 18. Rg5 f6 19. Rg3 Kh8 20. Nb5 Rd1+
21. Kf2 Re7 22. Rd3 Rxd3 23. cxd3 a6 24. Nc3 Rd7 25. Ke2 Nd4+ 26. Kd1 Nc6 27.
Ke2 Nd4+ 28. Kd1 Nc6 29. Ke2 Nb4 30. Be3 Nc6 31. g4 Nd4+ 32. Bxd4 Rxd4 33. h4
h6 34. g5 hxg5 35. hxg5 f5 36. Rh1+ Kg8 37. Ke3 Rd7 38. g6 Bd4+ 39. Ke2 Rg7 40.
Rh6 b5 41. Nd1 a5 42. b3 c5 43. a4 bxa4 44. bxa4 Rb7 45. Kf3 Rb4 46. Rh7 Rb3
47. Kg3 Rxd3+ 48. Kh4 Rxd1 49. Kg5 Rg1+ 50. Kh6 Rh1+ 51. Kg5 Rxh7 52. gxh7+
Kxh7 53. exf5 exf5 54. Kxf5 Bb2 55. Ke4 c4 56. Ke3 c3 57. Kd3 Kg6 58. Kc2 Kf5
59. Kd3 Kxf4 60. Kc2 Ke3 61. Kb1 Kd2 62. Ka2 c2 63. Kxb2 c1=Q+ 64. Ka2 Qc4+ 65.
Ka1 Qb4 66. Ka2 Kc2 67. Ka1 Qb2# 0-1

[Event "Dundee & Angus Minor"]
[Site "?"]
[Date "2014.10.11"]
[Round "2"]
[White "McMillan, Andrew"]
[Black "Paton, Lisa"]
[Result "1-0"]
[WhiteElo "794"]
[BlackElo "1049"]
[PlyCount "102"]
[EventDate "2014.??.??"]

1. e4 d5 2. exd5 Qxd5 3. Nc3 Qa5 4. Bc4 Nf6 5. d3 c6 6. Be3 e6 7. a3 Qc7 8. Nf3
h6 9. Qd2 Bd6 10. Ne4 Nxe4 11. dxe4 Nd7 12. Bd4 Be5 13. Nxe5 Nxe5 14. Qc3 f6
15. Bxe5 fxe5 16. Qh3 Qf7 17. Qg3 O-O 18. O-O Qf4 19. Qxf4 exf4 20. f3 a5 21.
Rad1 b5 22. Be2 Ba6 23. Rd6 b4 24. Bxa6 Rxa6 25. axb4 axb4 26. Rxe6 Rfa8 27.
Rd6 Ra2 28. Rb1 c5 29. Rc6 Ra1 30. Rxa1 Rxa1+ 31. Kf2 Ra2 32. Rxc5 Rxb2 33. Rb5
Rxc2+ 34. Ke1 Rxg2 35. Rxb4 Rxh2 36. Rb7 Rc2 37. e5 Rc5 38. Re7 h5 39. Kf2 Kf8
40. Re6 Kf7 41. Rb6 Rxe5 42. Kg2 h4 43. Kh3 g5 44. Kg4 h3 45. Kxh3 Kg7 46. Rd6
Kf7 47. Rc6 Kg7 48. Rb6 Re3 49. Rb5 Re6 50. Rxg5+ Rg6 51. Rxg6+ Kxg6 1-0

[Event "Dundee & Angus Minor"]
[Site "?"]
[Date "2014.10.11"]
[Round "2"]
[White "Mathieson, Liam"]
[Black "MacMillan, Malcolm"]
[Result "1-0"]
[WhiteElo "704"]
[BlackElo "1106"]
[PlyCount "116"]
[EventDate "2014.??.??"]

1. d4 Nf6 2. Nf3 c5 3. dxc5 Qa5+ 4. Nc3 Qxc5 5. Be3 Qa5 6. g3 g6 7. Bg2 Bg7 8.
O-O O-O 9. Bd4 d6 10. Bxf6 Bxf6 11. Nd5 Be6 12. Nxf6+ exf6 13. Qxd6 Rd8 14. Qf4
Nd7 15. Nd4 Qe5 16. Qxe5 fxe5 17. Nxe6 fxe6 18. Rad1 Nc5 19. Rxd8+ Rxd8 20. b4
Na4 21. Bxb7 Nc3 22. Ba6 Nxa2 23. Bc4 Nxb4 24. Bxe6+ Kg7 25. c4 Rd6 26. Rb1 a5
27. Bd5 Nxd5 28. cxd5 Rxd5 29. Rb7+ Kh6 30. Kg2 e4 31. Kh3 Rd2 32. Kh4 Rxe2 33.
g4 g5+ 34. Kg3 a4 35. Rb6+ Kg7 36. Rb7+ Kf6 37. Rb6+ Ke5 38. Rb5+ Kd6 39. Ra5
Ra2 40. Rxg5 Ra3+ 41. Kf4 Rf3+ 42. Kxe4 Rxf2 43. h4 a3 44. Ra5 a2 45. Kd3 Kc6
46. Kc3 Kb6 47. Ra8 Rf3+ 48. Kb2 Rg3 49. Rh8 Rg2+ 50. Ka1 Rxg4 51. Rxh7 Rg2 52.
h5 Kb5 53. h6 Rh2 54. Rh8 Kb4 55. h7 Kb3 56. Rb8+ Ka3 57. Ra8+ Kb3 58. Rb8+ Ka3
1-0

[Event "Dundee & Angus Minor"]
[Site "?"]
[Date "2014.10.11"]
[Round "3"]
[White "Dallas, Alastair"]
[Black "McLeod, Robbie"]
[Result "1-0"]
[WhiteElo "1190"]
[BlackElo "1027"]
[PlyCount "45"]
[EventDate "2014.??.??"]

1. e4 c5 2. c4 e6 3. Nc3 d6 4. Nf3 Nf6 5. d3 Nc6 6. Be2 Be7 7. Bf4 a6 8. O-O d5
9. e5 d4 10. exf6 dxc3 11. fxe7 Qxe7 12. b3 e5 13. Be3 Nd4 14. Rc1 Bg4 15. Rxc3
Nxe2+ 16. Qxe2 O-O 17. h3 Bxf3 18. Qxf3 b6 19. Qg3 g6 20. Bg5 f6 21. Bd2 e4 22.
Re1 Rad8 23. Rxe4 1-0

[Event "Dundee & Angus Minor"]
[Site "MyTown"]
[Date "2014.10.11"]
[Round "3"]
[White "McCulloch, Andy"]
[Black "Mathieson, Liam"]
[Result "1-0"]
[WhiteElo "1139"]
[BlackElo "704"]
[PlyCount "37"]
[EventDate "2014.11.05"]

{2MB. PentiumII} 1. d4 d5 2. Nf3 Nc6 3. e3 a6 4. c3 Nf6 5. Bd3 h6 6. O-O Bg4 7.
Nbd2 e6 8. Re1 Bd6 9. e4 O-O 10. e5 Be7 11. exf6 Bxf6 12. Nf1 Re8 13. Ne3 Bxf3
14. Qxf3 e5 15. Nxd5 Ne7 16. Nxf6+ gxf6 17. Qxf6 exd4 18. Bxh6 Ng6 19. Qg7# 1-0

[Event "Dundee & Angus Minor"]
[Site "MyTown"]
[Date "2014.10.11"]
[Round "3"]
[White "MacMillan, Malcolm"]
[Black "McMillan, Andrew"]
[Result "1-0"]
[WhiteElo "1106"]
[BlackElo "794"]
[PlyCount "57"]
[EventDate "2014.11.05"]

{2MB. PentiumII} 1. d4 d5 2. Nc3 Nf6 3. Bg5 Bf5 4. f3 e6 5. g4 Bg6 6. Qd2 Bb4
7. O-O-O Nc6 8. e3 h6 9. Bh4 Qe7 10. Bb5 O-O 11. g5 hxg5 12. Bxg5 a6 13. Bd3
Bxd3 14. Qxd3 Bxc3 15. Qxc3 Nb4 16. Qb3 a5 17. e4 dxe4 18. fxe4 Nxe4 19. Bxe7
Rfe8 20. Bh4 g5 21. Bg3 Rac8 22. Nf3 Red8 23. Rhe1 Nxg3 24. hxg3 g4 25. Ne5 b6
26. Nxg4 Nc6 27. Qe3 a4 28. a3 Rd7 29. Nf6+ 1-0

[Event "Dundee & Angus Minor"]
[Site "?"]
[Date "2014.10.11"]
[Round "3"]
[White "Mathieson, Robert"]
[Black "McKay, Jonathan"]
[Result "0-1"]
[WhiteElo "1077"]
[BlackElo "703"]
[PlyCount "100"]
[EventDate "2014.??.??"]

1. e4 c5 2. Bc4 d6 3. c3 Nf6 4. d3 d5 5. Bb5+ Bd7 6. Bxd7+ Nbxd7 7. exd5 Nxd5
8. Nf3 N7f6 9. O-O g6 10. Bg5 Bg7 11. Qb3 Nb6 12. Ne5 Qd5 13. Qxd5 Nbxd5 14.
Nd2 O-O 15. Bxf6 Nxf6 16. Ndf3 Rad8 17. Rad1 Rd6 18. Nc4 Rd5 19. Ne3 Rd7 20. d4
cxd4 21. Nxd4 Ne4 22. Nec2 Rfd8 23. f3 Nc5 24. b3 Bxd4+ 25. Nxd4 e5 26. h3 exd4
27. cxd4 Rxd4 28. Rc1 Ne6 29. Rc2 Rd2 30. Rfc1 Rxc2 31. Rxc2 Kf8 32. Kh2 Ke7
33. g4 g5 34. Kg3 Rd7 35. h4 h6 36. hxg5 hxg5 37. Rc4 Rc7 38. Ra4 b6 39. b4 Kd6
40. b5 Kc5 41. Re4 Kxb5 42. a4+ Kc5 43. Re1 Kb4 44. Rb1+ Kxa4 45. Ra1+ Kb5 46.
Rb1+ Ka6 47. Ra1+ Kb7 48. Ra2 b5 49. Kf2 Kb6 50. Ke2 a6 {
Remaining moves, if any, are missing} 0-1

[Event "Dundee & Angus Minor"]
[Site "?"]
[Date "2014.10.11"]
[Round "3"]
[White "McDonald, David"]
[Black "White, Geoff"]
[Result "1/2-1/2"]
[WhiteElo "1336"]
[BlackElo "1163"]
[PlyCount "82"]
[EventDate "2014.??.??"]

1. e4 e6 2. d4 g5 3. Be3 h6 4. Be2 Nf6 5. e5 Nd5 6. Nd2 Nxe3 7. fxe3 a5 8. Ne4
Be7 9. Bh5 d5 10. exd6 cxd6 11. Qf3 O-O 12. Ne2 f5 13. N4c3 g4 14. Bxg4 fxg4
15. Qxg4+ Kh8 16. Nf4 Rg8 17. Qh5 Kh7 18. h4 Qe8 19. Qxe8 Rxe8 20. Kd2 d5 21.
h5 Bb4 22. Ng6 Bxc3+ 23. Kxc3 b5 24. Rhf1 Ra7 25. Rf4 Ba6 26. Re1 Nc6 27. Rf8
Rea8 28. a3 Kg7 29. Rf3 Rc8 30. Kd2 Rf7 31. c3 Rxf3 32. gxf3 b4 33. Rg1 bxa3
34. bxa3 Kf7 35. Rb1 Rb8 36. Ne5+ Nxe5 37. Rxb8 Nxf3+ 38. Kd1 Ng1 39. Rb2 Be2+
40. Ke1 Bxh5 41. Rf2+ Nf3+ 1/2-1/2

[Event "Dundee & Angus Minor"]
[Site "?"]
[Date "2014.10.11"]
[Round "3"]
[White "Coope, Derek"]
[Black "McKay, Ruairidh"]
[Result "1-0"]
[WhiteElo "1302"]
[BlackElo "1074"]
[PlyCount "65"]
[EventDate "2014.??.??"]

1. c4 c5 2. Nf3 Nf6 3. g3 d6 4. Bg2 g6 5. O-O Bg7 6. d3 O-O 7. Nbd2 Nbd7 8. a3
a6 9. Rb1 Rb8 10. Nb3 b5 11. Bd2 Bb7 12. Qc1 Ba8 13. Bh6 bxc4 14. Bxg7 Kxg7 15.
Nbd2 cxd3 16. exd3 Ng4 17. Qc3+ f6 18. Ng5 Kh8 19. Ne6 Qb6 20. Nxf8 Rxf8 21.
Rfe1 Nde5 22. Bxa8 Rxa8 23. Re2 Re8 24. Rbe1 Nc6 25. Nc4 Qb5 26. Nxd6 Qb8 27.
Nxe8 Qxe8 28. d4 e5 29. dxe5 Ncxe5 30. f4 c4 31. fxe5 Qc8 32. exf6 Qc5+ 33. Qe3
1-0

[Event "Dundee & Angus Minor"]
[Site "MyTown"]
[Date "2014.10.11"]
[Round "3"]
[White "Robinson, Jeffrey"]
[Black "Thacker, Steve"]
[Result "0-1"]
[WhiteElo "929"]
[BlackElo "1260"]
[PlyCount "98"]
[EventDate "2014.11.10"]

{2MB. PentiumII} 1. d4 Nf6 2. Nf3 g6 3. c4 Bg7 4. e3 O-O 5. Bd3 d6 6. O-O Nbd7
7. Nc3 a6 8. b4 c5 9. a4 cxb4 10. Nd5 Nxd5 11. cxd5 e5 12. dxe5 Nxe5 13. Nxe5
Bxe5 14. Rb1 a5 15. Bb5 f5 16. f4 Bf6 17. Rf3 Bd7 18. Qd3 Qe8 19. Rh3 Rf7 20.
Bb2 Bxb2 21. Rxb2 Re7 22. Re2 Bxb5 23. axb5 Re4 24. Rf2 b6 25. Rff3 Ra7 26.
Rfg3 Rg7 27. Rh6 a4 28. h4 b3 29. h5 b2 30. hxg6 Rxg6 31. Rgh3 Rxh6 32. Rxh6
Qf8 33. Rh5 Qf6 34. Rg5+ Kh8 35. Qc2 Re8 36. Kf2 Rg8 37. Rxf5 Qg7 38. Rg5 Qf6
39. Rxg8+ Kxg8 40. Kf3 h5 41. Qd3 a3 42. Qb1 Kg7 43. g3 Qc3 44. Qa2 Qc1 45.
Qxa3 Qf1+ 46. Ke4 b1=Q+ 47. Kd4 Qfd1+ 48. Kc4 Qbc1+ 49. Qxc1 Qxc1+ 0-1

[Event "Dundee & Angus Minor"]
[Site "?"]
[Date "2014.10.11"]
[Round "3"]
[White "Richmond, Ian"]
[Black "Smith, Mark"]
[Result "1/2-1/2"]
[WhiteElo "915"]
[BlackElo "1127"]
[PlyCount "36"]
[EventDate "2014.??.??"]

1. d4 Nf6 2. Nf3 e6 3. c4 Bb4+ 4. Bd2 Qe7 5. a3 Bxd2+ 6. Nbxd2 b6 7. e3 Bb7 8.
Bd3 d5 9. b3 O-O 10. O-O Ne4 11. Qc2 f5 12. Be2 c5 13. Nxe4 fxe4 14. Ne5 Nc6
15. Nxc6 Bxc6 16. f3 Qg5 17. f4 Qg6 18. Rf2 Rf6 1/2-1/2

[Event "Dundee & Angus Minor"]
[Site "?"]
[Date "2014.10.12"]
[Round "4"]
[White "Watson, Dave"]
[Black "Dallas, Alastair"]
[Result "1-0"]
[WhiteElo "1094"]
[BlackElo "1190"]
[PlyCount "130"]
[EventDate "2014.??.??"]

1. e4 e5 2. Nf3 Nc6 3. Bc4 h6 4. c3 Be7 5. d4 exd4 6. cxd4 Bb4+ 7. Bd2 Bxd2+ 8.
Qxd2 Nge7 9. O-O O-O 10. Nc3 a6 11. Rae1 d6 12. e5 d5 13. Bb3 Be6 14. Re3 Na5
15. Ne1 Nf5 16. Re2 Nxb3 17. axb3 Qh4 18. Nf3 Qe7 19. Nd1 c6 20. Qf4 g5 21. Qd2
Kg7 22. Ne3 Qd7 23. Nxf5+ Bxf5 24. Nxg5 hxg5 25. Qxg5+ Bg6 26. f4 Qf5 27. Qg3
Rh8 28. h3 Rh5 29. Qe1 Rah8 30. g4 Rg5 31. fxg5 Qxg5 32. Qg3 Be4 33. Ref2 Rf8
34. e6 f5 35. Qc7+ Kf6 36. e7 Re8 37. Qe5+ Kg6 38. Kh2 Rxe7 39. Qd6+ Qf6 40.
gxf5+ Kf7 41. Qxf6+ Kxf6 42. Kg3 Rg7+ 43. Kh2 Rg5 44. h4 Rh5 45. Rg1 Rxh4+ 46.
Kg3 Rh5 47. Kf4 Bxf5 48. Rg8 Be4 49. Kg4+ Rf5 50. Rf8+ Ke6 51. R2xf5 Bxf5+ 52.
Rxf5 Kd7 53. Kf4 Kc7 54. Ke5 Kb6 55. Kd6 a5 56. Kd7 Ka7 57. Kc7 Ka6 58. Rf8 c5
59. dxc5 Kb5 60. Kd6 d4 61. Rf1 Kb4 62. Rd1 Kxb3 63. Rxd4 Kxb2 64. Ra4 Kb3 65.
Rxa5 Kb4 1-0

[Event "Dundee & Angus Minor"]
[Site "MyTown"]
[Date "2014.10.12"]
[Round "4"]
[White "McKay, Ruairidh"]
[Black "McMillan, Andrew"]
[Result "1/2-1/2"]
[WhiteElo "1074"]
[BlackElo "794"]
[PlyCount "150"]
[EventDate "2014.11.11"]

{2MB. PentiumII} 1. d4 d5 2. c4 dxc4 3. Nc3 Nf6 4. e3 Bf5 5. Qf3 e6 6. Qxb7
Nbd7 7. Bxc4 Bd6 8. Nge2 O-O 9. a3 Nb6 10. Ba2 Qd7 11. Qa6 Qc6 12. f3 Rab8 13.
e4 Bxe4 14. fxe4 Nxe4 15. Qd3 Nxc3 16. bxc3 Qxg2 17. Rf1 g6 18. Bf4 Bxf4 19.
Nxf4 Qxh2 20. Qe2 Qg3+ 21. Kd2 Qg5 22. Qe5 Qh4 23. Nxe6 Qh6+ 24. Qf4 Qxf4+ 25.
Nxf4 Nd7 26. Nd5 Rb7 27. Rab1 Rxb1 28. Rxb1 c6 29. Ne7+ Kg7 30. Nxc6 a6 31. Bc4
Rc8 32. Na5 Nf6 33. Kd3 Ra8 34. Rb7 Rf8 35. Ra7 h5 36. Rxa6 Re8 37. Ra7 Rf8 38.
Nb3 g5 39. Nd2 h4 40. a4 h3 41. Nf3 g4 42. Ke3 g3 43. Bf1 h2 44. Bg2 Re8+ 45.
Kf4 Nh5+ 46. Kg4 Re4+ 47. Kxh5 Re2 48. Bh1 g2 49. Bxg2 Rxg2 50. Nxh2 Rxh2+ 51.
Kg5 Rc2 52. Rc7 Rb2 53. d5 Rd2 54. c4 Rd3 55. a5 Ra3 56. Rc5 f6+ 57. Kf5 Kf7
58. Rb5 Rf3+ 59. Ke4 Rf1 60. Rb7+ Kg6 61. d6 f5+ 62. Kd5 Rd1+ 63. Kc6 Kf6 64.
c5 Ke6 65. a6 f4 66. Re7+ Kf6 67. Kc7 f3 68. Re8 Kf7 69. d7 Rxd7+ 70. Kxd7 f2
71. Re7+ Kg6 72. Re6+ Kg5 73. c6 f1=Q 74. c7 Qb5+ 75. Rc6 Qd5+ 1/2-1/2

[Event "Dundee & Angus Minor"]
[Site "?"]
[Date "2014.10.12"]
[Round "4"]
[White "Smith, Mark"]
[Black "Connolly-Sams, Lukah"]
[Result "1/2-1/2"]
[WhiteElo "1127"]
[BlackElo "924"]
[PlyCount "93"]
[EventDate "2014.??.??"]

1. e4 e6 2. d4 d5 3. Nc3 c5 4. e5 Nc6 5. Bb5 Nge7 6. f4 Qb6 7. dxc5 Qxc5 8. Nf3
a6 9. Bd3 Nb4 10. Na4 Qa5 11. Nc3 Nxd3+ 12. cxd3 Nc6 13. d4 Bb4 14. Qd3 Bd7 15.
O-O Qb6 16. Na4 Qa7 17. a3 Be7 18. Nc3 f6 19. Be3 Rc8 20. b4 f5 21. Rfc1 O-O
22. Bd2 Be8 23. Ne2 Bh5 24. Bc3 Bxf3 25. Qxf3 Nb8 26. a4 Rc4 27. b5 Rfc8 28.
Bd2 Rxc1+ 29. Rxc1 Rxc1+ 30. Bxc1 axb5 31. axb5 Qa1 32. Qc3 Qxc3 33. Nxc3 Kf7
34. Na4 Nd7 35. g3 Kg6 36. Kf2 Kh5 37. h3 h6 38. Kf3 g5 39. fxg5 hxg5 40. Bd2
g4+ 41. hxg4+ fxg4+ 42. Ke3 Bg5+ 43. Ke2 Bxd2 44. Kxd2 b6 45. Ke3 Kg5 46. Ke2
Kf5 47. Ke3 1/2-1/2

[Event "Dundee & Angus Minor"]
[Site "?"]
[Date "2014.10.12"]
[Round "4"]
[White "McKay, Jonathan"]
[Black "McDonald, David"]
[Result "0-1"]
[WhiteElo "703"]
[BlackElo "1336"]
[PlyCount "66"]
[EventDate "2014.??.??"]

1. Nf3 Nf6 2. c4 b6 3. g3 Bb7 4. Bg2 e6 5. Nc3 Be7 6. O-O O-O 7. d3 c5 8. Bg5
h6 9. Bh4 Nc6 10. Qd2 d5 11. cxd5 exd5 12. Bxf6 Bxf6 13. e4 Bxc3 14. Qxc3 d4
15. Qd2 Qc7 16. Rab1 Rae8 17. Rfc1 Ba6 18. b4 Ne5 19. b5 Bc8 20. Nxd4 Qd6 21.
Nf3 Qxd3 22. Qxd3 Nxd3 23. Rd1 c4 24. Nd4 Bb7 25. Nf5 Re6 26. a3 Bxe4 27. Bxe4
Rxe4 28. Nd6 Re2 29. Nxc4 Nxf2 30. Rd7 Nh3+ 31. Kh1 Rc8 32. Nd6 Rcc2 33. Rd8+
Kh7 0-1

[Event "Dundee & Angus Minor"]
[Site "?"]
[Date "2014.10.12"]
[Round "4"]
[White "White, Geoff"]
[Black "MacMillan, Malcolm"]
[Result "0-1"]
[WhiteElo "1163"]
[BlackElo "1106"]
[PlyCount "74"]
[EventDate "2014.??.??"]

1. g4 d5 2. h3 c6 3. e3 Nd7 4. Bg2 e5 5. c3 Nc5 6. Bf1 Nf6 7. b4 Nce4 8. d3 Nd6
9. f4 e4 10. g5 Nd7 11. d4 Nb6 12. Nd2 Nf5 13. Kf2 f6 14. gxf6 Qxf6 15. Qh5+ g6
16. Qg5 Qxg5 17. fxg5 Be7 18. h4 Rf8 19. Ndf3 exf3 20. Bd3 Bd6 21. Nh3 Bg3+ 22.
Kf1 Bxh4 23. Bxf5 Rxf5 24. Nf4 Bxg5 25. Rxh7 Bxf4 26. exf4 Rh5 27. Rg7 Bf5 28.
a4 O-O-O 29. a5 Nd7 30. a6 b6 31. b5 Bd3+ 32. Kf2 Bxb5 33. Kxf3 Rh3+ 34. Kg4
Rxc3 35. Bb2 Be2+ 36. Kg5 Rg3+ 37. Kh4 Rg4+ 0-1

[Event "Dundee & Angus Minor"]
[Site "?"]
[Date "2014.10.12"]
[Round "4"]
[White "McCulloch, Andy"]
[Black "Coope, Derek"]
[Result "1/2-1/2"]
[WhiteElo "1139"]
[BlackElo "1302"]
[PlyCount "100"]
[EventDate "2014.??.??"]

1. d4 d6 2. Nf3 Nf6 3. e3 g6 4. g3 Bg7 5. Bg2 O-O 6. O-O Nbd7 7. Nbd2 Rb8 8.
Rb1 b5 9. a3 Bb7 10. c3 c5 11. Re1 cxd4 12. cxd4 a6 13. b4 Qc7 14. Bb2 Rfc8 15.
Qe2 Nd5 16. Rec1 Qb6 17. Rxc8+ Rxc8 18. Qe1 Qa7 19. Nb3 N7b6 20. Rc1 Nc4 21.
Qe2 Qa8 22. Rb1 Nxb2 23. Rxb2 Nb6 24. Rb1 Nc4 25. Ne1 Bxg2 26. Nxg2 Nxa3 27.
Ra1 Nc2 28. Rb1 Nxb4 29. Rc1 Rxc1+ 30. Nxc1 Qc6 31. Qe1 Qc4 32. Nf4 e5 33. dxe5
dxe5 34. Nh3 Nd3 35. Nxd3 Qxd3 36. Qa5 Qd6 37. Ng5 h6 38. Ne4 Qd1+ 39. Kg2 Qd5
40. f3 f5 41. Nd2 Qd6 42. Kf2 Bf6 43. Ke2 Kg7 44. Ke1 Bd8 45. Qc3 Bb6 46. Nf1
Qc5 47. Qd2 Qc7 48. Kf2 f4 49. gxf4 exf4 50. Kg2 fxe3 1/2-1/2

[Event "Dundee & Angus Minor"]
[Site "?"]
[Date "2014.10.12"]
[Round "5"]
[White "MacMillan, Malcolm"]
[Black "Watson, Dave"]
[Result "1-0"]
[WhiteElo "1106"]
[BlackElo "1094"]
[PlyCount "107"]
[EventDate "2014.??.??"]

1. d4 d5 2. Nc3 Nf6 3. Bg5 e6 4. f3 Be7 5. e4 O-O 6. e5 Ne8 7. Bxe7 Qxe7 8. g3
Nc6 9. f4 b6 10. Bb5 Bd7 11. Bxc6 Bxc6 12. Qh5 Qb4 13. O-O-O a5 14. Nf3 f6 15.
g4 fxe5 16. Ng5 Nf6 17. Qh3 exd4 18. Ne2 Rfe8 19. Nxd4 Bd7 20. a3 Qd6 21. Rhf1
h6 22. Nf7 Kxf7 23. g5 Ng8 24. Qh5+ Ke7 25. f5 Rf8 26. gxh6 gxh6 27. Qh4+ Rf6
28. fxe6 Bxe6 29. Rde1 Kf7 30. Rxf6+ Nxf6 31. Nxe6 Re8 32. Qh3 Rxe6 33. Rf1 Qf8
34. Qh5+ Ke7 35. Qh4 Qg7 36. Qd4 Qg2 37. Rg1 Qxh2 38. Kb1 c5 39. Qd1 Re2 40.
Rg7+ Kd6 41. Rg6 Ke5 42. Rg7 Qf2 43. Re7+ Kd6 44. Rxe2 Qf5 45. Rh2 h5 46. Ka2
Qf4 47. Qh1 Qg4 48. Rg2 Qf5 49. Qh2+ Kc6 50. Rg7 Kb5 51. Qe2+ Kc6 52. Qe7 Nd7
53. Rf7 Qe5 54. Qxd7# 1-0

[Event "Dundee & Angus Minor"]
[Site "?"]
[Date "2014.10.12"]
[Round "5"]
[White "Mathieson, Robert"]
[Black "Newton, David"]
[Result "0-1"]
[WhiteElo "1077"]
[BlackElo "557"]
[PlyCount "100"]
[EventDate "2014.??.??"]

1. e4 d5 2. exd5 Qxd5 3. Nc3 Qe6+ 4. Be2 Nc6 5. Nf3 Qg6 6. O-O Nb4 7. Bd3 Nxd3
8. cxd3 Qxd3 9. Qb3 Qg6 10. Ne5 Be6 11. Nxg6 Bxb3 12. Nxh8 Bc2 13. Re1 O-O-O
14. Nxf7 Re8 15. d4 Nf6 16. f3 e6 17. Bg5 Bf5 18. Nb5 Kb8 19. Rac1 Nd5 20. Ne5
Bb4 21. Re2 c6 22. a3 Bf8 23. Nc3 h6 24. Bf4 Nxf4 25. Rd2 Rd8 26. Ne2 Nxe2+ 27.
Rxe2 Rxd4 28. g4 Bh7 29. Kg2 g5 30. h3 Bg7 31. b3 Kc7 32. Rc4 Rd5 33. Rc3 Bxe5
34. Rce3 Kd6 35. h4 gxh4 36. Kh3 Bd3 37. Re1 Bg3 38. Rxe6+ Kc5 39. Rc1+ Kb6 40.
b4 Bb5 41. Ra1 Rd2 42. g5 Rh2+ 43. Kg4 hxg5 44. Kxg5 Rg2 45. Kf5 Rf2 46. Kg4 a5
47. bxa5+ Kxa5 48. a4 Be2 49. Re3 c5 50. Ra2 Bxf3+ 0-1

[Event "Dundee & Angus Minor"]
[Site "?"]
[Date "2014.10.12"]
[Round "5"]
[White "Paton, Lisa"]
[Black "McKay, Ruairidh"]
[Result "1/2-1/2"]
[WhiteElo "1074"]
[BlackElo "1049"]
[PlyCount "64"]
[EventDate "2014.??.??"]

1. d4 c5 2. c3 cxd4 3. cxd4 d5 4. Nf3 Nc6 5. Bf4 Nf6 6. e3 e6 7. Nbd2 a6 8. Bd3
Bd7 9. O-O Be7 10. h3 O-O 11. a3 b5 12. b4 Ne8 13. Rc1 Bd6 14. Ne5 Nxe5 15.
dxe5 Be7 16. Qf3 g6 17. Bh6 Ng7 18. Qe2 Bg5 19. Bxg5 Qxg5 20. Nf3 Qe7 21. Rc2
Rac8 22. Rfc1 Rxc2 23. Rxc2 Rc8 24. Rxc8+ Bxc8 25. Qc2 Qd7 26. Nd4 Bb7 27. Nf3
Qc8 28. Qd2 h6 29. Nh2 h5 30. Nf3 Qf8 31. Qe2 Qc8 32. Qd2 Qc7 1/2-1/2

[Event "Dundee & Angus Minor"]
[Site "?"]
[Date "2014.10.12"]
[Round "5"]
[White "McDonald, David"]
[Black "McCulloch, Andy"]
[Result "1-0"]
[WhiteElo "1336"]
[BlackElo "1139"]
[PlyCount "89"]
[EventDate "2014.??.??"]

1. e4 e5 2. Bc4 Nf6 3. d3 Be7 4. Be3 O-O 5. Nf3 Nc6 6. c3 Na5 7. Bb3 Nxb3 8.
axb3 a6 9. Nxe5 d6 10. Nf3 Bg4 11. h3 Bd7 12. Nbd2 Be6 13. O-O Qc8 14. Ng5 Bd7
15. Bd4 c5 16. Bxf6 Bxf6 17. Qh5 Bxg5 18. Qxg5 Qd8 19. Qg3 h6 20. Qxd6 Qc8 21.
Qg3 Be6 22. Nc4 Bxc4 23. bxc4 Rd8 24. f4 Qc7 25. Rf3 Rd7 26. Qg4 Rad8 27. Rd1
Qb6 28. f5 Qf6 29. h4 Rd6 30. Qg3 Re8 31. Re3 Rb6 32. Rd2 a5 33. Qf4 Qe5 34.
Qxe5 Rxe5 35. d4 cxd4 36. cxd4 Re8 37. d5 Ra6 38. c5 a4 39. Rdd3 b5 40. c6 Rc8
41. e5 b4 42. e6 fxe6 43. fxe6 Kf8 44. e7+ Ke8 45. d6 1-0

[Event "Dundee & Angus Minor"]
[Site "?"]
[Date "2014.10.12"]
[Round "5"]
[White "Connolly-Sams, Lukah"]
[Black "McKay, Jonathan"]
[Result "0-1"]
[WhiteElo "924"]
[BlackElo "703"]
[PlyCount "30"]
[EventDate "2014.??.??"]

1. d4 d5 2. c4 e6 3. cxd5 exd5 4. Nc3 Nf6 5. Bg5 Bb4 6. Bxf6 Qxf6 7. e3 c5 8.
Qa4+ Nc6 9. Bd3 cxd4 10. Bb5 dxe3 11. Bxc6+ bxc6 12. Qc2 exf2+ 13. Kf1 fxg1=Q+
14. Kxg1 Bc5+ 15. Qf2 Qxf2# 0-1

[Event "Dundee & Angus Minor"]
[Site "?"]
[Date "2014.10.12"]
[Round "5"]
[White "McMillan, Andrew"]
[Black "Smith, Mark"]
[Result "0-1"]
[WhiteElo "794"]
[BlackElo "1127"]
[PlyCount "68"]
[EventDate "2014.??.??"]

1. e4 e5 2. Nf3 Nc6 3. Bc4 Bc5 4. d3 Nf6 5. Bg5 h6 6. Bh4 d6 7. Nc3 Be6 8. Bxe6
fxe6 9. O-O O-O 10. a3 a6 11. b4 Ba7 12. Qd2 Nd4 13. Nxd4 Bxd4 14. Rab1 Qe8 15.
Ne2 Ba7 16. h3 Nh5 17. c3 Nf4 18. Nxf4 exf4 19. Qd1 g5 20. Qg4 Kh7 21. Bxg5
hxg5 22. h4 f3 23. hxg5 fxg2 24. Qh4+ Kg8 25. Kxg2 Qf7 26. Rh1 Qf3+ 27. Kf1
Qxf2+ 28. Qxf2 Rxf2+ 29. Ke1 Rg2 30. Rh5 Kg7 31. Kf1 Rg1+ 32. Ke2 Rxb1 33. Rh6
Rf8 34. Rxe6 Rf2# 0-1

[Event "Dundee & Angus Minor"]
[Site "MyTown"]
[Date "2014.10.12"]
[Round "5"]
[White "Birkett, Derek"]
[Black "White, Geoff"]
[Result "1-0"]
[WhiteElo "987"]
[BlackElo "1163"]
[PlyCount "81"]
[EventDate "2014.11.12"]

{2MB. PentiumII} 1. d4 e6 2. c4 g5 3. Nc3 c6 4. Nf3 g4 5. Ne5 h5 6. Bf4 d6 7.
Nd3 Bh6 8. e3 Bxf4 9. exf4 Qf6 10. d5 exd5 11. cxd5 c5 12. Ne4 Qe7 13. Qe2 Rh6
14. O-O-O f5 15. Ng5 Qxe2 16. Bxe2 Nf6 17. Ne1 Nh7 18. Nc2 Nxg5 19. fxg5 Rh7
20. Rhe1 Nd7 21. Bb5+ Kd8 22. Re6 Kc7 23. Bd3 Ne5 24. Bxf5 Bxe6 25. Bxh7 Bg8
26. g6 Bxh7 27. gxh7 Rh8 28. h3 Rxh7 29. hxg4 hxg4 30. Ne3 Rf7 31. Rd2 c4 32.
Kd1 b5 33. Ke2 a5 34. a3 Kb6 35. Rd4 Kc5 36. Rd2 Re7 37. Rc2 b4 38. a4 b3 39.
Rc3 Nd3 40. Rxc4+ Kb6 41. Kxd3 1-0